Tube challenge fails: work could start January 2002 (Record no. 67856)

MARC details
000 -LEADER
fixed length control field 00957cam a2200205 4500
001 - CONTROL NUMBER
control field WB3730-44
008 - FIXED-LENGTH DATA ELEMENTS--GENERAL INFORMATION
fixed length control field 010801n2001 000 0 eng u
035 ## - SYSTEM CONTROL NUMBER
System control number (Sirsi) u113884
245 ## - TITLE STATEMENT
Title Tube challenge fails: work could start January 2002
260 ## - PUBLICATION, DISTRIBUTION, ETC.
Date of publication, distribution, etc. 2001
490 ## - SERIES STATEMENT
Series statement Financial Times
Volume/sequential designation 31 July 2001, 1&4(1)
520 ## - SUMMARY, ETC.
Summary, etc. Ken Livingstone, the London Mayor, failed in a legal challenge to overturn government's plans for partial privatisation of London Underground. This failure could mean private bidders starting work by next January if contracts were signed by the end of the year. However contractors warn that it could take more than 15 years to bring the Tube up to standard. A brief timetable of intended improvements is included.
590 ## - LOCAL NOTE (RLIN)
Local note WB
650 ## - SUBJECT ADDED ENTRY--TOPICAL TERM
Topical term or geographic name entry element PUBLIC PRIVATE PARTNERSHIPS
650 ## - SUBJECT ADDED ENTRY--TOPICAL TERM
Topical term or geographic name entry element PRIVATISATION
650 ## - SUBJECT ADDED ENTRY--TOPICAL TERM
Topical term or geographic name entry element LONDON UNDERGROUND
650 ## - SUBJECT ADDED ENTRY--TOPICAL TERM
Topical term or geographic name entry element LEGAL ISSUES
690 ## - LOCAL SUBJECT ADDED ENTRY--TOPICAL TERM (OCLC, RLIN)
Topical term or geographic name as entry element TRANSPORT AND COMMUNICATIONS
942 ## - ADDED ENTRY ELEMENTS (KOHA)
Suppress in OPAC 0
Holdings
Withdrawn status Lost status Source of classification or shelving scheme Damaged status Not for loan Home library Current library Shelving location Date acquired Total Checkouts Full call number Barcode Date last seen Copy number Price effective from Koha item type
    Dewey Decimal Classification     London London News article 01/08/2001   WB3730-44 113884-1001 06/08/2019 1 06/08/2019 News article